<?xml version="1.0" encoding="UTF-8"?>
<record
    xmlns:xsi="http://www.w3.org/2001/XMLSchema-instance"
    xsi:schemaLocation="http://www.loc.gov/MARC21/slim http://www.loc.gov/standards/marcxml/schema/MARC21slim.xsd"
    xmlns="http://www.loc.gov/MARC21/slim">

  <leader>02553nam a22002657a 4500</leader>
  <controlfield tag="003">OSt</controlfield>
  <controlfield tag="005">20251103155901.0</controlfield>
  <controlfield tag="008">250910b        |||||||| |||| 00| 0 eng d</controlfield>
  <datafield tag="020" ind1=" " ind2=" ">
    <subfield code="a">0022-2429</subfield>
  </datafield>
  <datafield tag="040" ind1=" " ind2=" ">
    <subfield code="a">English</subfield>
    <subfield code="c">tbs</subfield>
  </datafield>
  <datafield tag="041" ind1=" " ind2=" ">
    <subfield code="a">English</subfield>
  </datafield>
  <datafield tag="100" ind1=" " ind2=" ">
    <subfield code="a">Dzyabura, Daria</subfield>
    <subfield code="9">26399</subfield>
  </datafield>
  <datafield tag="245" ind1=" " ind2=" ">
    <subfield code="a">Visual Elicitation of Brand Perception</subfield>
    <subfield code="c">/ Daria Dzyabura and Renana Peres</subfield>
  </datafield>
  <datafield tag="260" ind1=" " ind2=" ">
    <subfield code="b">Journal of Marketing</subfield>
    <subfield code="c">2021</subfield>
  </datafield>
  <datafield tag="362" ind1=" " ind2=" ">
    <subfield code="a">Journal of Marketing. Jul2021, Vol. 85 Issue 4, p44-66. 23p. 3 Color Photographs, 2 Black and White Photographs, 1 Illustration, 5 Charts, 3 Graphs.</subfield>
  </datafield>
  <datafield tag="520" ind1=" " ind2=" ">
    <subfield code="a">Understanding consumers' associations with brands is at the core of brand management. However, measuring associations is challenging because consumers can associate a brand with many objects, emotions, activities, sceneries, and concepts. This article presents an elicitation platform, analysis methodology, and results on consumer associations of U.S. national brands. The elicitation is direct, unaided, scalable, and quantitative and uses the power of visuals to depict a detailed representation of respondents' relationships with a brand. The proposed brand visual elicitation platform allows firms to collect online brand collages created by respondents and analyze them quantitatively to elicit brand associations. The authors use the platform to collect 4,743 collages from 1,851 respondents for 303 large U.S. brands. Using unsupervised machine-learning and image-processing approaches, they analyze the collages and obtain a detailed set of associations for each brand, including objects (e.g., animals, food, people), constructs (e.g., abstract art, horror, delicious, famous, fantasy), occupations (e.g., musician, bodybuilder, baker), nature (e.g., beach, misty, snowscape, wildlife), and institutions (e.g., corporate, army, school). The authors demonstrate the following applications for brand management: obtaining prototypical brand visuals, relating associations to brand personality and equity, identifying favorable associations per category, exploring brand uniqueness through differentiating associations, and identifying commonalities between brands across categories for potential collaborations.</subfield>
  </datafield>
  <datafield tag="653" ind1=" " ind2=" ">
    <subfield code="a">Brand image</subfield>
  </datafield>
  <datafield tag="653" ind1=" " ind2=" ">
    <subfield code="a">Brand communities </subfield>
  </datafield>
  <datafield tag="653" ind1=" " ind2=" ">
    <subfield code="a">Branding (Marketing)</subfield>
  </datafield>
  <datafield tag="653" ind1=" " ind2=" ">
    <subfield code="a">Elicitation technique </subfield>
  </datafield>
  <datafield tag="653" ind1=" " ind2=" ">
    <subfield code="a">Sensory perception</subfield>
  </datafield>
  <datafield tag="700" ind1=" " ind2=" ">
    <subfield code="a">Peres, Renana</subfield>
    <subfield code="9">26400</subfield>
  </datafield>
  <datafield tag="856" ind1=" " ind2=" ">
    <subfield code="u">https://bibliotheque.tbs-education.fr/Default/doc/bth/150790169/visual-elicitation-of-brand-perception</subfield>
  </datafield>
  <datafield tag="942" ind1=" " ind2=" ">
    <subfield code="2">lcc</subfield>
  </datafield>
  <datafield tag="952" ind1=" " ind2=" ">
    <subfield code="0">0</subfield>
    <subfield code="1">0</subfield>
    <subfield code="2">lcc</subfield>
    <subfield code="4">0</subfield>
    <subfield code="7">0</subfield>
    <subfield code="a">TBS</subfield>
    <subfield code="b">TBS</subfield>
    <subfield code="d">2025-11-03</subfield>
    <subfield code="l">0</subfield>
    <subfield code="r">2025-11-03</subfield>
    <subfield code="u">https://bibliotheque.tbs-education.fr/Default/doc/bth/150790169/visual-elicitation-of-brand-perception</subfield>
    <subfield code="w">2025-11-03</subfield>
    <subfield code="y">ARTICLE</subfield>
  </datafield>
  <datafield tag="999" ind1=" " ind2=" ">
    <subfield code="c">5133</subfield>
    <subfield code="d">5133</subfield>
  </datafield>
</record>
